| Tag |
First Indicator |
Second Indicator |
Subfields |
| LEADER |
00000cam a2200000 4500 |
| 001 |
in00000094124 |
| 005 |
20150927070250.0 |
| 008 |
740511s1974 ctua b 00100ceng |
| 010 |
|
|
|a 74005911
|
| 020 |
|
|
|a 0819540765
|
| 035 |
|
|
|a (OCoLC)00914775
|
| 035 |
|
|
|9 AAL5979AM
|
| 040 |
|
|
|a DLC
|c DLC
|d TXA
|d UtOrBLW
|
| 043 |
|
|
|a n-us-pa
|
| 049 |
|
|
|a TXAM
|c [1028257]
|
| 050 |
0 |
0 |
|a TS730
|b .F34
|
| 082 |
0 |
|
|a 338.4/7/73923722
|a B
|
| 100 |
1 |
|
|a Fales, Martha Gandy.
|
| 245 |
1 |
0 |
|a Joseph Richardson and family, Philadelphia silversmiths.
|
| 250 |
|
|
|a [1st ed.].
|
| 264 |
|
1 |
|a Middletown, Conn. :
|b Published for the Historical Society of Pennsylvania by Wesleyan University Press,
|c [1974]
|
| 300 |
|
|
|a xviii, 340 pages :
|b illustrations ;
|c 28 cm.
|
| 336 |
|
|
|a text
|b txt
|2 rdacontent
|
| 337 |
|
|
|a unmediated
|b n
|2 rdamedia
|
| 338 |
|
|
|a volume
|b nc
|2 rdacarrier
|
| 504 |
|
|
|a Bibliography: pages [312]-320.
|
| 600 |
3 |
0 |
|a Richardson family.
|
| 650 |
|
0 |
|a Silversmiths
|z Pennsylvania
|z Philadelphia.
|
| 710 |
2 |
|
|a Historical Society of Pennsylvania.
|
| 999 |
|
|
|a MARS
|
| 999 |
f |
f |
|s c9f28ded-a007-33af-8f55-c5e287bd9d45
|i f24732a8-baca-39e4-b882-23a3eff1b1c6
|t 0
|
| 952 |
f |
f |
|p ric
|a Texas A&M University
|b Rellis Campus
|c Joint Library Facility
|d Remote Storage
|t 0
|e TS730 .F34
|h Library of Congress classification
|i unmediated -- volume
|m A14805648834
|
| 998 |
f |
f |
|a TS730 .F34
|t 0
|l Remote Storage
|